Reproducción en la adolescencia : el caso de Chile y sus implicaciones de política /

La fecundidad y la maternidad entre las adolescentes preocupan en la región, porque implican adversidades, no han disminuido como en otros grupos etarios y son más frecuentes entre las muchachas pobres. El análisis de los microdatos de los tres últimos censos de Chile muestra además: i) la generaliz...

Descripción completa

Detalles Bibliográficos
Autor principal: Rodríguez V., Jorge
Formato: Analitica de revista
Lenguaje:español

MARC

LEADER 00000cab a2200000 a 4500
001 041925
003 UAHC_CL
005 20170803124631.0
008 050914b xx j 000 1 spa
040 |a UAHC_CL  |c UAHC_CL  |d UAHC_CL 
100 1 |a Rodríguez V., Jorge 
245 1 0 |a Reproducción en la adolescencia :  |b el caso de Chile y sus implicaciones de política /  |c Jorge Rodríguez V. 
500 |a En: Revista de la CEPAL, nû86, 2005. p.123-146 ISSN 0252-0257 
500 |a En: Revista de la CEPAL, n°86, 2005. p.123-146 ISSN 0252-0257 
500 |a En: Revista de la CEPAL, nç86, 2005. p.123-146 ISSN 0252-0257 
520 |a La fecundidad y la maternidad entre las adolescentes preocupan en la región, porque implican adversidades, no han disminuido como en otros grupos etarios y son más frecuentes entre las muchachas pobres. El análisis de los microdatos de los tres últimos censos de Chile muestra además: i) la generalización de un contexto no matrimonial para esta maternidad; ii) el efecto protector de la permanencia en la escuela, que se activa pasado un umbral educativo que se eleva con el tiempo; iii) el protagonismo de los progenitores de las muchachas en cuyos hogares reside la mayor parte de las madres adolescentes, y iv) la necesidad de programas específicos y de intervenciones integrales para reducir la maternidad adolescente, ya que si bien el acceso a información y servicios de salud sexual y reproductiva evita embarazos, es insuficiente cuando faltan oportunidades alternativas a la maternidad o hay cortapisas culturales y sicológicas para usar adecuadamente los medios anticonceptivos. 
520 |a La fecundidad y la maternidad entre las adolescentes preocupan en la región, porque implican adversidades, no han disminuido como en otros grupos etarios y son más frecuentes entre las muchachas pobres. El análisis de los microdatos de los tres últimos censos de Chile muestra además: i) la generalización de un contexto no matrimonial para esta maternidad; ii) el efecto protector de la permanencia en la escuela, que se activa pasado un umbral educativo que se eleva con el tiempo; iii) el protagonismo de los progenitores de las muchachas en cuyos hogares reside la mayor parte de las madres adolescentes, y iv) la necesidad de programas específicos y de intervenciones integrales para reducir la maternidad adolescente, ya que si bien el acceso a información y servicios de salud sexual y reproductiva evita embarazos, es insuficiente cuando faltan oportunidades alternativas a la maternidad o hay cortapisas culturales y sicológicas para usar adecuadamente los medios anticonceptivos. 
520 |a La fecundidad y la maternidad entre las adolescentes preocupan en la regiÛn, porque implican adversidades, no han disminuido como en otros grupos etarios y son m·s frecuentes entre las muchachas pobres. El an·lisis de los microdatos de los tres últimos censos de Chile muestra adem·s: i) la generalizaciÛn de un contexto no matrimonial para esta maternidad; ii) el efecto protector de la permanencia en la escuela, que se activa pasado un umbral educativo que se eleva con el tiempo; iii) el protagonismo de los progenitores de las muchachas en cuyos hogares reside la mayor parte de las madres adolescentes, y iv) la necesidad de programas especÌficos y de intervenciones integrales para reducir la maternidad adolescente, ya que si bien el acceso a informaciÛn y servicios de salud sexual y reproductiva evita embarazos, es insuficiente cuando faltan oportunidades alternativas a la maternidad o hay cortapisas culturales y sicolÛgicas para usar adecuadamente los medios anticonceptivos. 
759 |a PP139 
773 0 |t Revista de psicología  |w 042475 
900 |a REVISTA DE LA CEPAL-86/05 
942 |c REVA 
952 |0 0  |1 0  |4 0  |6 REVISTA_DE_LA_CEPAL86_05_000000000000000  |7 0  |8 General  |9 78520  |a BC  |b BC  |c General  |d 2017-08-03  |l 0  |o REVISTA DE LA CEPAL-86/05  |p FICTICIO7313  |r 2019-01-08 00:00:00  |t 1  |w 2017-08-03  |y REVA 
999 |c 41925  |d 41925